000 00536nam a2200181 i 4500
001 58444
003 ES-MaACL
005 20230906163818.0
007 t|
008 031022s1969 sp ||||1| spa d
100 1 _aDuvignaud, Jean.
_946389
245 1 0 _aSociología del arte /
_cJean Duvignaud ; [traducción de Melitón Bustamante].
250 _a[1ª ed.].
260 _a[Barcelona] :
_bPenínsula,
_c[1969]
300 _a149 p. ;
_c21 cm.
700 1 _aBustamante Ortiz, Melitón.
_932877
852 _aES-MaACL
_jC-35451
_bR.68714
999 _c58444
_d58444